000 01530naa a22003377a 4500
001 BR9403712
003 BR-BrBNA
005 20240918181219.0
007 ta
008 230509b bl.||||| |||| 00| 0 por d
040 _aBR-BrBNA
_bpor
_cBiblioteca Nacional de Agricultura
041 _a(Pt)
072 _aF30
_b0230
090 _aF30 BR9403712
100 1 _aAlonso, O.
100 1 _aFontonari, N.
100 1 _aNogumo, M.
100 1 _aSerra, G.E.
111 1 _a2. Congresso Nacional da Sociedade de Tecnicos Acucareiros do Brasil1. Simposio Latino-Americano sobre Modalidades de Financiamento a Producao de Energia Renovavel
_cRio de Janeiro, RJ (Brazil)
_d16-21 Aug 1981
245 1 _aCaracteristicas tecnologicas da cana-de-acucar na entre-safra
260 3 _aRio de Janeiro, RJ (Brasil):
_c1981.
500 _aAnais do 2. Congresso Nacional de Tecnicos Acucareiros do Brasil e 1. Simposio Latino-Americano sobre Modalidades de Financiamento a Producao de Energia Renovavel Rio de Janeiro, RJ (Brasil): 1981. v. 2 p. 267-281 (BR9403712-AM)F30
650 _aCana de Acucar
650 _aVariedade
650 _aComportamento de Variedade
650 _aMaturacao
650 _aIndustrializacao
773 0 _tAnais do 2. Congresso Nacional de Tecnicos Acucareiros do Brasil e 1. Simposio Latino-Americano sobre Modalidades de Financiamento a Producao de Energia Renovavel
_wF30 BR9403712
_gRio de Janeiro, RJ (Brasil), 1981. v. 2 p. 267-281
909 _a202404
_bLucia
_c55
_dLucia Elande
942 _cAM
_2AGRIS
999 _c324138
_d324138